Current diagnosis & treatment in otolaryngology : head & neck surgery (Record no. 52)

000 -LEADER
fixed length control field 01042cam a22003495a 4500
001 - CONTROL NUMBER
control field 12751008
003 - CONTROL NUMBER IDENTIFIER
control field LIBRIS
005 - DATE AND TIME OF LATEST TRANSACTION
control field 20241105180936.0
007 - PHYSICAL DESCRIPTION FIXED FIELD--GENERAL INFORMATION
fixed length control field cr ||| |||||
008 - FIXED-LENGTH DATA ELEMENTS--GENERAL INFORMATION
fixed length control field 120406s2012 xx |||||o|||||000 0|und|d
020 ## - INTERNATIONAL STANDARD BOOK NUMBER
International Standard Book Number 0071624392 (Print)
020 ## - INTERNATIONAL STANDARD BOOK NUMBER
International Standard Book Number 9780071624398 (Print)
035 ## - SYSTEM CONTROL NUMBER
System control number (WaSeSS)ssj0000576294
040 ## - CATALOGING SOURCE
Description conventions a
Transcribing agency DLC
041 ## - LANGUAGE CODE
Language code of text/sound track or separate title und
080 ## - UNIVERSAL DECIMAL CLASSIFICATION NUMBER
Universal Decimal Classification number 616.21
Item number C-95
100 1# - MAIN ENTRY--PERSONAL NAME
Personal name Lalwani, Anil K
245 10 - TITLE STATEMENT
Title Current diagnosis & treatment in otolaryngology : head & neck surgery
260 ## - PUBLICATION, DISTRIBUTION, ETC.
Place of publication, distribution, etc. New York
Name of publisher, distributor, etc. Mc Graw Hill
Date of publication, distribution, etc. 2012
300 ## - PHYSICAL DESCRIPTION
Extent 1013 p.
362 ## - DATES OF PUBLICATION AND/OR SEQUENTIAL DESIGNATION
Dates of publication and/or sequential designation 2012
365 ## - TRADE PRICE
Price amount 32.99 usd
650 #0 - SUBJECT ADDED ENTRY--TOPICAL TERM
9 (RLIN) 102
Topical term or geographic name entry element Otolaryngology
650 #0 - SUBJECT ADDED ENTRY--TOPICAL TERM
9 (RLIN) 69
Topical term or geographic name entry element Medicine
650 #0 - SUBJECT ADDED ENTRY--TOPICAL TERM
9 (RLIN) 103
Topical term or geographic name entry element Surgery
653 ## - INDEX TERM--UNCONTROLLED
Uncontrolled term ოტოლარინგოლოგია
653 ## - INDEX TERM--UNCONTROLLED
Uncontrolled term მედიცინა
653 ## - INDEX TERM--UNCONTROLLED
Uncontrolled term ქირურგია
655 #4 - INDEX TERM--GENRE/FORM
Genre/form data or focus term Electronic books
776 08 - ADDITIONAL PHYSICAL FORM ENTRY
Relationship information Print
Title Current diagnosis & treatment in otolaryngology : head & neck surgery
International Standard Book Number 0071624392
-- 9780071624398
942 ## - ADDED ENTRY ELEMENTS (KOHA)
Source of classification or shelving scheme
Koha item type Books
Edition 3
Holdings
Withdrawn status Lost status Source of classification or shelving scheme Damaged status Not for loan Permanent location Current location Date acquired Inventory number Full call number Barcode Date last seen Price effective from Koha item type Total Checkouts
          Ken Walker International University Ken Walker International University 11/05/2020 75 616.21 C-95 75 11/05/2020 11/05/2020 Books  
          Ken Walker International University Ken Walker International University 11/19/2020 1098 616.21 C-95 1098 11/19/2020 11/19/2020 Books  

Powered by Koha